Cibercrimen : Aspectos de derecho penal y procesal penal. Cooperación internacional. Recolección de evidencia digital. Responsabilidad de los proveedores de servicios de Internet /
Guardado en:
| Otros Autores: | , , , |
|---|---|
| Formato: | Libro |
| Idioma: | Spanish |
| Publicado: |
Buenos Aires,
B de f
2017 :
|
| Materias: | |
| Etiquetas: |
Agregar Etiqueta
Sin Etiquetas, Sea el primero en etiquetar este registro!
|
| LEADER | 00755nam a22001935a 4500 | ||
|---|---|---|---|
| 001 | DER.der013338 | ||
| 008 | 180615s2017####|||||||||||||||||#||spa|| | ||
| 005 | 20230512112426.0 | ||
| 245 | 1 | 0 | |a Cibercrimen : |b Aspectos de derecho penal y procesal penal. Cooperación internacional. Recolección de evidencia digital. Responsabilidad de los proveedores de servicios de Internet / |c Dupuy, Daniela. |
| 260 | |a Buenos Aires, |c 2017 : |b B de f | ||
| 300 | |a 661 p. | ||
| 020 | |a 9789974745063 | ||
| 700 | 1 | |a Dupuy, Daniela |e director | |
| 700 | 1 | |a Kiefer, Mariana |e coordinador | |
| 700 | 1 | |a Garavano, Germán |e prologuista | |
| 700 | 1 | |a Cevasco, Luis J. |e presentación | |
| 650 | 7 | |a DELITOS INFORMATICOS | |
| 650 | 7 | |a CIBERCRIMEN | |
| 859 | |a DERECHO |b BIB. DERECHO |h 345.05 |i CIB |p 008272 | ||
